Normal view
MARC view
- Valliette Sr. Tom
Entry Personal Name
001 - CONTROL NUMBER
- control field: 1425
003 - CONTROL NUMBER IDENTIFIER
- control field: OSt
005 - DATE AND TIME OF LATEST TRANSACTION
- control field: 20170504144619.0
008 - FIXED-LENGTH DATA ELEMENTS
- fixed length control field: 170504|| aca||aabn | a|a d
040 ## - CATALOGING SOURCE
- Original cataloging agency: OSt
- Transcribing agency: OSt
100 ## - HEADING--PERSONAL NAME
- Personal name: Valliette Sr. Tom
670 ## - SOURCE DATA FOUND
- Source citation: Work cat.: (OSt): Valliette Sr. Tom , The philosophy of dynamic children /, 1990

PORTAL AKMAL
E-MEL JKDM
AKMAL2U
G-BAM
u-PUSTAKA